Quantitative aptitude for CAT / (Record no. 136284)
[ view plain ]
| 000 -LEADER | |
|---|---|
| fixed length control field | 00609nam a22001937a 4500 |
| 010 ## - LIBRARY OF CONGRESS CONTROL NUMBER | |
| LC control number | B-228818 |
| 035 ## - SYSTEM CONTROL NUMBER | |
| System control number | B-228818 |
| 037 ## - SOURCE OF ACQUISITION | |
| Source of stock number/acquisition | Cen Lib / Ret |
| 040 ## - CATALOGING SOURCE | |
| Original cataloging agency | DPL |
| Language of cataloging | En |
| 082 ## - DEWEY DECIMAL CLASSIFICATION NUMBER | |
| Classification number | 510 |
| Item number | ANA |
| 100 ## - MAIN ENTRY--PERSONAL NAME | |
| Personal name | Ananta Ashisha |
| 9 (RLIN) | 139188 |
| 245 ## - TITLE STATEMENT | |
| Title | Quantitative aptitude for CAT / |
| Statement of responsibility, etc | by Ananta Sshisha |
| 260 ## - PUBLICATION, DISTRIBUTION, ETC. (IMPRINT) | |
| Place of publication, distribution, etc | New Delhi |
| Name of publisher, distributor, etc | GBD Books |
| Date of publication, distribution, etc | 2006 |
| 270 ## - ADDRESS | |
| Address | 16 Ansari Road, Darya Ganj |
| City | New Delhi |
| Postal code | 110002 |
| 300 ## - PHYSICAL DESCRIPTION | |
| Extent | various pages ; |
| Dimensions | 27cm(Hb) |
| 650 ## - SUBJECT ADDED ENTRY--TOPICAL TERM | |
| Topical term or geographic name as entry element | Mathematics -- Problems, exercises, etc. |
| 9 (RLIN) | 139189 |
| 650 ## - SUBJECT ADDED ENTRY--TOPICAL TERM | |
| Topical term or geographic name as entry element | EDUCATION -- Evaluation. |
| 9 (RLIN) | 139190 |
| 942 ## - ADDED ENTRY ELEMENTS (KOHA) | |
| Source of classification or shelving scheme | Dewey Decimal Classification |
| Koha item type | English Books |
| Classification part | 510 |
| Call number suffix | ANA |
| Withdrawn status | Lost status | Damaged status | Not for loan | Home library | Current library | Date acquired | Source of acquisition | Total Checkouts | Full call number | Barcode | Date last seen | Copy number | Price effective from | Koha item type | Source of classification or shelving scheme | Collection code | Total Renewals | Date checked out | Public note |
|---|---|---|---|---|---|---|---|---|---|---|---|---|---|---|---|---|---|---|---|
| Central Library | Central Library | 18/03/2016 | Cen Lib/Ret | 510 ANA | B-228818 | 18/03/2016 | 1 | 18/03/2016 | English Books | ||||||||||
| Sarojini Nagar | Sarojini Nagar | 08/03/2017 | DPL | 3 | 510 ANA | B-228829 | 12/10/2020 | 1 | 08/03/2017 | English Books | Dewey Decimal Classification | Non-fiction | 2 | 15/09/2020 | Withdrawn List Prepared L.No.10/7 |
